Reyes de Francia - Estadísticas

Estadísticas generales
  • Esta prueba ha sido intentada 80 veces
  • La puntuación promedio es 35 de 41
Estadísticas de respuestas
Período Nombre del Rey % Correcto
1226-1270 Luis IX
100%
1108-1137 Luis VI
100%
1137-1180 Luis VII
100%
1223-1226 Luis VIII
100%
1314-1316 Luis X
100%
1461-1483 Luis XI
100%
1498-1515 Luis XII
100%
1610-1643 Luis XIII
100%
1643-1715 Luis XIV
100%
1715-1774 Luis XV
100%
1774-1792 Luis XVI
100%
1814-1815 Luis XVIII
100%
1815-1824 Luis XVIII
100%
1804-1814 Napoleón I
98%
1815 Napoleón I
98%
1815 Napoleón II
98%
1852-1870 Napoleón III
98%
1322-1328 Carlos IV
95%
1560-1574 Carlos IX
95%
1364-1380 Carlos V
95%
1380-1422 Carlos VI
95%
1422-1461 Carlos VII
95%
1483-1498 Carlos VIII
95%
1824-1830 Carlos X
95%
1060-1108 Felipe I
82%
1180-1223 Felipe II
82%
1270-1285 Felipe III
82%
1285-1314 Felipe IV
82%
1317-1322 Felipe V
82%
1328-1350 Felipe VI
82%
1031-1060 Enrique I
75%
1547-1559 Enrique II
75%
1574-1589 Enrique III
75%
1589-1610 Enrique IV
75%
1515-1547 Francisco I
69%
1559-1560 Francisco II
69%
1316 Juan I
62%
1350-1364 Juan II
62%
1830-1848 Luis Felipe I
52%
987-996 Hugo
48%
996-1031 Roberto II
30%
No se encontraron pruebas coincidentes
Distribución de puntuación
Porcentaje de gente con cada puntuación
Porcentaje por número respondido
Historial de tus puntuaciones
No has intentado esta prueba.